000 01675nam0a2200433 4500
001 RU\NLR\bibl\1133509
005 20250615071803.0
010 _a5-222-06577-4
_bв пер.
_97000
021 _aRU
_b2007-54260
_92883
035 _a(nilc)EL/0000097642
035 _aRU SML\BIBL\0000002413
035 _a(NLR Aleph) 001120410
090 _a1294478
_c1294478
100 _a20061124d2005 |||y0rusy50 ca
101 0 _arus
102 _aRU
105 _aa |||||||||
200 1 _aДа будет свет!
_eлюстры, бра, светильники своими руками
_fЛ.М. Тухбатуллина, Л.А. Сафина
210 _aРостов-на-Дону
_cФеникс
_d2005
215 _a220 с., [8] л. ил.
_cил.
_d21
225 1 _aСерия "Стильные штучки"
300 _aНа обл. авт. не указаны
606 1 _aОсветительные приборы
_9888699
_3RU\NLR\auth\66728
606 1 _aЖилые дома
_xИнтерьер
_xОсвещение
_92287352
_3RU\NLR\auth\661370060
610 0 _aДомоводство
610 0 _aОсветительные приборы
686 _a85.126.4
_vLBC/RL
_2rubbk
686 _aЗ294-5
686 _aЩ128.411
700 1 _aТухбатуллина
_bЛ. М.
_gЛейсан Марселевна
_4070
701 1 _aСафина
_bЛ. А.
_gЛюдмила Александровна
_4070
801 0 _aRU
_bДонская ГПБ
_c20061124
_gRCR
801 1 _aRU
_bДонская ГПБ
_c20061124
_2rusmarc
801 2 _aRU
_bNLR
_c20070927
_grcr
830 _aавт7 по кн.
942 _cBOOK
980 _aNB